000
00339nam a2200157Ia 4500
008
210210b1949 xxu||||| |||| 00| 0 eng d
041
_a
eng
082
_a
532/55
100
_a
NELKON (M)
245
_a
Heat
260
_a
London
_b
Blackie and Son Limited
_c
1949
300
_a
240
650
_a
Heat
690
_a
Heat
906
_a
008420
999
_c
126300
_d
126300